Vive la Chine (Record no. 7373)
[ view plain ]
| 000 -CABECERA | |
|---|---|
| campo de control de longitud fija | 00695nam a2200241 a 4500 |
| 001 - NÚMERO DE CONTROL | |
| campo de control | BRCA_7699 |
| 005 - FECHA Y HORA DE LA ÚLTIMA TRANSACCIÓN | |
| campo de control | 20190320205942.0 |
| 008 - DATOS DE LONGITUD FIJA--INFORMACIÓN GENERAL | |
| campo de control de longitud fija | 230813s1955----mc-a######---#000-0#fre-# |
| 041 ## - CÓDIGO DE LENGUA | |
| Código de lengua del texto/banda sonora o título independiente | fre |
| 044 ## - CÓDIGO DEL PAÍS DE LA ENTIDAD EDITORA/PRODUCTORA | |
| Código MARC del país | mc |
| 050 #4 - SIGNATURA TOPOGRÁFICA DE LA BIBLIOTECA DEL CONGRESO | |
| Número de clasificación | N5262 |
| Número de documento/Ítem | .H45 1955 |
| 100 1# - ENTRADA PRINCIPAL--NOMBRE DE PERSONA | |
| Nombre de persona | Helft, Jacques |
| 9 (RLIN) | 11415 |
| 245 10 - MENCIÓN DE TÍTULO | |
| Título | Vive la Chine |
| Resto del título | memoires d´un antiquaire |
| Mención de responsabilidad, etc. | Jacques Helft. |
| 260 ## - PUBLICACIÓN, DISTRIBUCIÓN, ETC. | |
| Lugar de publicación, distribución, etc. | Monaco |
| Nombre del editor, distribuidor, etc. | Du Roches |
| Fecha de publicación, distribución, etc. | c1955 |
| 300 ## - DESCRIPCIÓN FÍSICA | |
| Extensión | 246 p. |
| Otras características físicas | il., 12 láminas |
| Dimensiones | 19 cm. |
| 500 ## - NOTA GENERAL | |
| Nota general | Dos ejemplares iguales con el mismo número de inventario |
| 500 ## - NOTA GENERAL | |
| Nota general | U36 |
| 650 14 - PUNTO DE ACCESO ADICIONAL DE MATERIA--TÉRMINO DE MATERIA | |
| Término de materia o nombre geográfico como elemento de entrada | Arte |
| Subdivisión de forma | Coleccionistas y colecciones |
| 9 (RLIN) | 15108 |
| 650 14 - PUNTO DE ACCESO ADICIONAL DE MATERIA--TÉRMINO DE MATERIA | |
| Término de materia o nombre geográfico como elemento de entrada | Anticuarios |
| 9 (RLIN) | 10349 |
| 651 #4 - PUNTO DE ACCESO ADICIONAL DE MATERIA--NOMBRE GEOGRÁFICO | |
| Nombre geográfico | China |
| Subdivisión de forma | Arte |
| 9 (RLIN) | 19027 |
| 902 ## - CATALOGADOR | |
| Iniciales | GFM |
| 942 ## - ELEMENTOS DE PUNTO DE ACCESO ADICIONAL (KOHA) | |
| Fuente del sistema de clasificación o colocación | Library of Congress Classification |
| Tipo de ítem Koha | Libros |
| Estado de retiro | Estado de pérdida | Estado dañado | No para préstamo | Localización permanente | Ubicación/localización actual | Fecha de adquisición | Número de inventario | Total de préstamos | Signatura topográfica completa | Código de barras | Fecha visto por última vez | Precio válido a partir de | Tipo de ítem Koha |
|---|---|---|---|---|---|---|---|---|---|---|---|---|---|
| El ejemplar forma parte de la colección y puede ser consultado según las políticas vigentes. | Biblioteca del Museo Franz Mayer (Rogerio Casas-Alatriste) | Biblioteca del Museo Franz Mayer (Rogerio Casas-Alatriste) | 22/08/2013 | U36 | N5262 .H45 1955 (U36) | 8308 | 22/03/2019 | 22/03/2019 | Libros |